| 000 | 00545nam a2200145 a 4500 | ||
|---|---|---|---|
| 008 | 120416s1971 ||||||||||||||||| || u | ||
| 050 | _aHF 5549 Mot | ||
| 100 | _aDalton, Gene W | ||
| 245 | 1 | 0 |
_aMotivation and control in organizations _cedited by Gene W. Dalton |
| 260 |
_aHomewood, [Ill.] _bR.D. Irwin _c1971 |
||
| 300 | _ax, 417p. : ill. | ||
| 350 | _a0.00 | ||
| 700 | _aLawrence, Paul R | ||
| 995 |
_D0.00 _FCBU-MAIN LIBRARY (Kitwe) _H1 _I0.00 _UAVAILABLE _ZMain Library Open Access Collection |
||
| 999 |
_c51714 _d51714 |
||